[Event "Riadh Rapid op"]
[Site "Riadh"]
[Date "2023.03.18"]
[Round "9"]
[White "Al Mutairi, Abdullah F"]
[Black "Khayat, Emad"]
[Result "1-0"]
[WhiteElo "1878"]
[BlackElo "1730"]
[PlyCount "39"]
[EventDate "2023.03.17"]
[EventType "swiss (rapid)"]
[EventRounds "9"]
[EventCountry "SAU"]
[SourceTitle "CBM 213 Extra"]
[Source "ChessBase"]
[SourceDate "2023.05.31"]
[SourceVersion "1"]
[SourceVersionDate "2023.05.31"]
[SourceQuality "1"]

1. e4 c6 2. d4 d5 3. Nc3 dxe4 4. Nxe4 Nf6 5. Nxf6+ exf6 6. c3 Bd6 7. Bd3 0-0 8. Ne2 Re8 9. Qc2 h5 10. Be3 Nd7 11. 0-0-0 h4 12. h3 Nb6 13. c4 Nd7 14. Rdg1 Qc7 15. c5 Bf8 16. g3 hxg3 17. Rxg3 b6 18. Rhg1 g6 19. Bxg6 fxg6 20. Qxg6+ 1-0

[Event "Riadh Rapid op"]
[Site "Riadh"]
[Date "2023.03.17"]
[Round "3"]
[White "Al Mutairi, Abdullah F"]
[Black "Rouda Essa, Alserkal"]
[Result "1-0"]
[WhiteElo "1878"]
[BlackElo "1762"]
[PlyCount "161"]
[EventDate "2023.03.17"]
[EventType "swiss (rapid)"]
[EventRounds "9"]
[EventCountry "SAU"]
[SourceTitle "CBM 213 Extra"]
[Source "ChessBase"]
[SourceDate "2023.05.31"]
[SourceVersion "1"]
[SourceVersionDate "2023.05.31"]
[SourceQuality "1"]

1. e4 c5 2. Nf3 Nc6 3. Bb5 g6 4. c3 Bg7 5. 0-0 e5 6. d3 Nge7 7. Be3 b6 8. Na3 0-0 9. Qc1 a6 10. Ba4 d5 11. Bh6 Bg4 12. Bd1 Qd6 13. h3 Bd7 14. exd5 Qxd5 15. Bb3 Qd6 16. Nc4 Qc7 17. Bxg7 Kxg7 18. Re1 f6 19. Ne3 Rad8 20. a4 Na5 21. Bc2 Qc6 22. d4 cxd4 23. cxd4 e4 24. Nd2 f5 25. b4 Nb7 26. Qb2 Kg8 27. Bb3+ Be6 28. b5 axb5 29. axb5 Qd7 30. Ra7 Bxb3 31. Qxb3+ Kh8 32. Ndc4 Nc8 33. Ne5 Qg7 34. Ra8 Rxd4 35. Rxc8 Rxc8 36. Nf7+ Kg8 37. Nd6+ Kf8 38. Nxc8 Qc7 39. Qe6 Rd8 40. Qf6+ Qf7 41. Qh8+ Qg8 42. Qxg8+ Kxg8 43. Nxb6 Nc5 44. Rc1 Nd3 45. Rc8 Rxc8 46. Nxc8 Kf8 47. b6 Nc5 48. Nd5 Ke8 49. Nd6+ Kd7 50. b7 Na6 51. Nb4 Nb8 52. Nb5 f4 53. Kf1 g5 54. Ke2 h5 55. Nc3 g4 56. Nxe4 f3+ 57. Kf1 Kc7 58. Nf6 gxh3 59. gxh3 h4 60. Ng4 Kxb7 61. Ne5 Kb6 62. Nxf3 Kc5 63. Nd3+ Kd5 64. Nxh4 Ke4 65. Ke2 Nc6 66. f3+ Kd4 67. Nf5+ Kd5 68. h4 Ke6 69. Ne3 Nd4+ 70. Kf2 Kf6 71. Kg3 Ne2+ 72. Kg4 Kg6 73. Nf4+ Nxf4 74. Kxf4 Kh5 75. Ng2 Kh6 76. Kf5 Kh5 77. Kf6 Kh6 78. f4 Kh5 79. f5 Kh6 80. Nf4 Kh7 81. Ke7 1-0

[Event "Olympiad-44"]
[Site "Chennai"]
[Date "2022.08.06"]
[Round "8.2"]
[White "Abdelazeez, Mohamed Abdalla"]
[Black "Al Mutairi, Abdullah F"]
[Result "1-0"]
[WhiteElo "2182"]
[BlackElo "1916"]
[PlyCount "127"]
[EventDate "2022.07.29"]
[EventType "team-swiss"]
[EventRounds "11"]
[EventCountry "IND"]
[SourceTitle "CBM 210"]
[Source "ChessBase"]
[SourceDate "2022.10.31"]
[SourceVersion "1"]
[SourceVersionDate "2022.10.31"]
[SourceQuality "1"]
[WhiteTeam "Sudan"]
[BlackTeam "Saudi Arabia"]
[WhiteTeamCountry "SUD"]
[BlackTeamCountry "SAU"]

1. d4 d5 2. c4 c6 3. Nc3 Nf6 4. Nf3 Bf5 5. cxd5 cxd5 6. e3 Nc6 7. Ne5 a6 8. Qa4 Qc8 9. Nxc6 Bd7 10. Nxe7 Qxc3+ 11. bxc3 Bxa4 12. Nf5 g6 13. Ng3 h5 14. Bd3 Bd6 15. Ne2 0-0 16. Rb1 Bc6 17. f3 Rfe8 18. Kf2 g5 19. h4 g4 20. Bd2 b5 21. Ng3 Bd7 22. Rhe1 Kh8 23. e4 gxf3 24. e5 Ng4+ 25. Kxf3 Be7 26. Rh1 f6 27. Bg6 Rf8 28. e6 Bxe6 29. Rbe1 Ne5+ 30. dxe5 fxe5+ 31. Ke2 Rg8 32. Bf5 Bf7 33. Kf3 Bd6 34. Bg5 e4+ 35. Kf2 Be5 36. Re3 Raf8 37. Be7 Rb8 38. Bc5 Rgf8 39. Rf1 Be6 40. Bxf8 Rxf8 41. Ke1 Bg8 42. Bh3 Rxf1+ 43. Nxf1 a5 44. Bd7 b4 45. cxb4 axb4 46. Ba4 Be6 47. Bb3 Bf6 48. g3 Bg8 49. Re2 Kg7 50. Ne3 Bc3+ 51. Kf1 Be6 52. Bxd5 Bh3+ 53. Kf2 Kf6 54. Bxe4 Ke5 55. Bg6 Bd4 56. Bxh5 Be6 57. Bf3 Bc4 58. Rd2 Be6 59. Rxd4 Kxd4 60. Bd5 Bxd5 61. Nxd5 Kxd5 62. h5 Ke6 63. Ke3 b3 64. axb3 1-0

[Event "Online Olym Div4 B"]
[Site "Chess.com INT"]
[Date "2021.08.22"]
[Round "11.4"]
[White "Al Mutairi, Abdullah F"]
[Black "Ssonko, Mathias Allan"]
[Result "1-0"]
[WhiteElo "1971"]
[BlackElo "2167"]
[PlyCount "139"]
[EventDate "2021.08.20"]
[EventType "team (rapid)"]
[EventRounds "11"]
[EventCountry "USA"]
[SourceTitle "CBM 203 Extra"]
[Source "ChessBase"]
[SourceDate "2021.09.30"]
[SourceVersion "1"]
[SourceVersionDate "2021.09.30"]
[SourceQuality "1"]
[WhiteTeam "Saudi Arabia"]
[BlackTeam "Uganda"]
[WhiteTeamCountry "SAU"]
[BlackTeamCountry "UGA"]

1. e4 e5 2. Nf3 Nc6 3. Bc4 Bc5 4. Nc3 Nf6 5. 0-0 0-0 6. a3 a6 7. d3 h6 8. Be3 d6 9. Bxc5 dxc5 10. h3 Re8 11. Ne2 Be6 12. Bxe6 Rxe6 13. Ng3 g6 14. Qd2 Kg7 15. Qe3 Nd4 16. Ne1 Qe7 17. c3 Nb3 18. Rd1 Rd8 19. Nf3 Na5 20. Nh4 Kh7 21. f4 Nh5 22. Nxh5 Qxh4 23. f5 Red6 24. fxg6+ Rxg6 25. Rxf7+ Kh8 26. Rf5 Rdg8 27. Kh1 Rg5 28. g4 Nc6 29. Rdf1 Ne7 30. Rxe5 Ng6 31. Rxg5 hxg5 32. Rf7 Ne5 33. Rf5 Nxg4 34. Qg3 Qxh5 35. Qxg4 Qxg4 36. hxg4 b6 37. Kg2 Rd8 38. Rf3 Kg7 39. Kf2 Kg6 40. Ke3 Rh8 41. b4 cxb4 42. axb4 a5 43. bxa5 bxa5 44. e5 a4 45. d4 a3 46. Rf2 Ra8 47. Ra2 c6 48. c4 Ra4 49. Kd3 Kf7 50. Kc3 Ra8 51. Kb3 Rb8+ 52. Kxa3 c5 53. d5 Rb4 54. Rf2+ Ke7 55. Rf5 Rxc4 56. Rxg5 Rd4 57. d6+ Ke6 58. Kb3 Rb4+ 59. Kc3 Rd4 60. Kc2 Rb4 61. Kd3 Rd4+ 62. Ke3 Rb4 63. Rg8 Rd4 64. Re8+ Kd7 65. Re7+ Kc6 66. g5 Rg4 67. d7 Kc7 68. e6 Rxg5 69. Re8 Rd5 70. Rc8+ 1-0